00550nam a22001937a 450000500170000001000150001702000180003203500140005003500170006403700130008103700170009408200150011110000090012624500620013525000080019726000640020527000650026930000220033420240131170910.0 aENG-139086 a9789354096303 aEN-122618 aB-513991-996 bDBAD/PUB bBSB/Venadpl04a305.521st1 d202110aInteracting Involving Inspiring/cNaidu, Shri M. Venkaiah a1st aNew DelhibThe Director General, Publication Divisionc2021 aSoochna Bhawan, C.G.O. Complex, Lodhi Road, New Delhi-110003 a335 p. c30cm(Hb)